Từ điển bách khoa Britannica = Encyclepedia Britannica
Nội dung tài liệu là danh mục từ điển bách khoa về tất cả các chủ đề tri thức được sắp xếp theo hệ thống chữ cái.
Zapisane w:
| Format: | Książka |
|---|---|
| Język: | Undetermined |
| Wydane: |
Hà Nội
Giáo dục Việt Nam
2014
|
| Hasła przedmiotowe: | |
| Etykiety: |
Dodaj etykietę
Nie ma etykietki, Dołącz pierwszą etykiete!
|
| Thư viện lưu trữ: | Trung tâm Học liệu Trường Đại học Cần Thơ |
|---|
| LEADER | 00944nam a2200205Ia 4500 | ||
|---|---|---|---|
| 001 | CTU_207148 | ||
| 008 | 210402s9999 xx 000 0 und d | ||
| 020 | |c 1500000 | ||
| 082 | |a 031 | ||
| 082 | |b T550/T.1 | ||
| 245 | 0 | |a Từ điển bách khoa Britannica = | |
| 245 | 0 | |b Encyclepedia Britannica | |
| 245 | 0 | |c Hội đồng chỉ đạo biên dịch: Ngô Trần Ái ... [et al.] ; Hội đồng biên tập: Nguyễn Bá ... [et al.] | |
| 260 | |a Hà Nội | ||
| 260 | |b Giáo dục Việt Nam | ||
| 260 | |c 2014 | ||
| 520 | |a Nội dung tài liệu là danh mục từ điển bách khoa về tất cả các chủ đề tri thức được sắp xếp theo hệ thống chữ cái. | ||
| 650 | |a Từ điển Bách khoa tiếng Việt, Encyclopedias and dictionaries, Vietnamese | ||
| 904 | |i Bằng | ||
| 980 | |a Trung tâm Học liệu Trường Đại học Cần Thơ | ||